Изучаем язык специальности, Учебное пособие по русскому языку

Opis bibliograficzny
Kolejni autorzy: О. М. Безатосная, Н. Б. Бугакова, Л. В. Сычева, Т. А. Воронова, Т. Л. Ревякина
Streszczenie:Книга находится в премиум-версии платформы «Русский как иностранный».
Данное пособие содержит теоретические и практические сведения по лексике и грамматике русского, а также практический материал для овладения навыками чтения, устной и письменной речью, что обеспечивает подготовку обучающихся в объёме Государственного стандарта первого уровня. Основная цель пособия – сформировать и развить у иностранных учащихся лингвистические и речевые навыки, которые требуются для обучения на русском языке и дальнейшей успешной коммуникации в русскоязычной среде. Материалы, включенные в пособие, удовлетворяют основным коммуникативным потребностям учащихся, возникающим в ходе общения в профессиональной сфере. Предназначено для иностранных студентов 2-4 курсов, обучающихся по направлению 08.03.01 «Строительство».
Гарантированный срок размещения на платформе до 22.11.2027 (автопролонгация)
Wydane: Воронеж, Воронежский государственный технический университет, ЭБС АСВ, 2021
Wydanie:Изучаем язык специальности
Hasła przedmiotowe:
Dostęp online:Перейти к просмотру издания
Format: MixedMaterials Elektroniczne

MARC

LEADER 00000 a2200000 4500
001 RU/ROS-EDU.RU/125958
856 4 |u https://www.ros-edu.ru/book?id=125958  |z Перейти к просмотру издания 
010 |a 978-5-7731-0994-5 
205 |a Изучаем язык специальности  |b 2027-11-22 
333 |a Гарантированный срок размещения на платформе до 22.11.2027 (автопролонгация) 
100 |a 20210101d2021 |||y0rusy0250   |s 2027-11-22 
105 |a y z 000zy 
101 0 |a rus 
102 |a RU 
200 1 |a Изучаем язык специальности  |b Электронный ресурс  |e Учебное пособие по русскому языку  |f О. М. Безатосная [и др.] 
701 1 |b О. М.  |a Безатосная  |4 070 
701 1 |b Н. Б.  |a Бугакова  |4 070 
701 1 |b Л. В.  |a Сычева  |4 070 
701 1 |b Т. А.  |a Воронова  |4 070 
701 1 |b Т. Л.  |a Ревякина  |4 070 
330 |a Данное пособие содержит теоретические и практические сведения по лексике и грамматике русского, а также практический материал для овладения навыками чтения, устной и письменной речью, что обеспечивает подготовку обучающихся в объёме Государственного стандарта первого уровня. Основная цель пособия – сформировать и развить у иностранных учащихся лингвистические и речевые навыки, которые требуются для обучения на русском языке и дальнейшей успешной коммуникации в русскоязычной среде. Материалы, включенные в пособие, удовлетворяют основным коммуникативным потребностям учащихся, возникающим в ходе общения в профессиональной сфере. Предназначено для иностранных студентов 2-4 курсов, обучающихся по направлению 08.03.01 «Строительство». 
210 |a Воронеж  |c Воронежский государственный технический университет, ЭБС АСВ  |d 2021 
610 1 |a русский язык 
610 1 |a лексика 
610 1 |a грамматика 
610 1 |a чтение 
610 1 |a устная речь 
610 1 |a письменная речь 
610 1 |a иностранец 
610 1 |a лингвистика 
610 1 |a строительство 
675 |a 808.2 
686 |a 81.2  |2 rubbk 
300 |a Книга находится в премиум-версии платформы «Русский как иностранный». 
215 |a 75 с.